000
00333nam a2200145Ia 4500
008
150201s2008 xx 000 0 und d
082
_a
610.72
_b
N08P
100
_a
POLET, DENISE
245
_a
NURSING RESEARSH
250
_a
8TH
260
_b
WOLTER KLUWER
_a
INDIA
_c
2008
300
_a
796
650
_a
RESEARCH
942
_2
ddc
_c
BK
_0
4
999
_c
2267
_d
2267